000 01119nam a2200313Ia 4500
001 Para_6003
003 CHAP
008 220125s1990 xx 000 0 und d
010 _a202662
040 _cCHAP
090 _aPA TESIS 587
100 _aUrzúa Soria, Fernando
_9117020
245 _aEfecto de tratamientos de control sobre las poblaciones y gremios de arvenses en cultivos de frijol Phaseolus vulgaris L. y maiz Zea mays L.; quinto año de estudio y análisis global /
_c por Fernando Urzúa Soria
260 _aMontecillo, Méx. :
_b el autor
300 _a176 h.
502 _aTesis (M.C. Esp. en Botánica) CP Centro de Botánica
650 _aFrijol
_x malas hierbas
_xcontrol
_943402
650 _aFrijol
_x rendimiento
_943429
650 _aMaíz
_x malas hierbas
_x control
_971003
650 _aMaíz
_x rendimiento
_971051
710 _aColegio de Postgraduados. Centro de Botánica
_9167960
901 _aPA TESIS 587
902 _aA
905 _a0000001990 0000000000 00
910 _a1990
942 _cPARA
942 _cPARA
_d1
999 _c202662
_d202662